Countries of the World with Autocomplete - Statistics

General Stats
  • This quiz has been taken 501 times
  • The average score is 106 of 196
Answers on the Map
Answers color-coded by a green-red scale on the quiz's map according to % correct below.
 
Answer Stats
Country % Correct
RU
95%
CAN
94%
ME
93%
O
93%
CHIN
92%
BRA
91%
FR
91%
UNITEDS
91%
INDI
89%
ARG
87%
GER
87%
UK
87%
UNITEDK
87%
Y
87%
DEN
86%
IT
86%
SWE
86%
IRE
85%
SP
85%
CHIL
84%
FIN
84%
IC
84%
NORW
84%
POR
84%
JAP
83%
SOUTHK
83%
AUSTRA
82%
POL
82%
NORTHK
81%
IRAN
80%
MONG
80%
TURKE
80%
EG
79%
COL
77%
GREE
77%
IRAQ
76%
CU
75%
KA
75%
PE
75%
SAU
75%
VE
75%
PAK
74%
SOUTHA
74%
BELG
73%
INDO
73%
MOR
72%
NET
72%
NEW
72%
SWI
72%
AUSTRI
71%
MAD
71%
PAN
70%
UR
70%
IS
69%
AF
68%
TH
68%
VI
68%
ALG
67%
BOL
67%
NEP
67%
PAR
66%
EST
65%
HU
65%
NIGER
65%
SUD
65%
RO
64%
SOUTHS
64%
EL
63%
LAT
63%
LIBY
63%
LAO
62%
UNITEDA
62%
BELA
61%
ET
61%
PH
61%
EC
60%
HA
60%
LIT
60%
PAP
59%
BAN
58%
CAMB
58%
CHA
58%
CR
58%
JO
58%
SER
58%
SOM
58%
SY
58%
COS
56%
SLOVA
56%
GUA
55%
MY
55%
NORTHM
55%
UZ
55%
ZI
55%
CZ
54%
JAM
54%
ALB
53%
HO
53%
NIC
53%
NIGERI
53%
SLOVE
53%
BOS
52%
BUL
52%
GEO
52%
KO
52%
LU
52%
TUN
52%
DEM
51%
ER
51%
TURKM
51%
KE
50%
MALI
50%
AZ
49%
BH
49%
DOMINICA
49%
ARM
48%
CE
48%
GH
48%
Q
48%
SR
48%
AND
47%
BELI
47%
GUY
47%
PAL
47%
SUR
47%
RE
46%
ZA
46%
BAHA
45%
LEB
45%
IV
44%
TAI
44%
KY
43%
MALAY
43%
ANG
42%
CY
42%
MOL
42%
MONT
42%
DOMINICAN
41%
TAJ
41%
KU
40%
VAT
40%
SEN
39%
SIN
38%
BOT
37%
EQ
37%
EA
36%
FIJ
36%
MOZ
35%
NAM
35%
TAN
35%
LES
34%
MALT
34%
MAR
34%
UG
34%
BAR
33%
MONA
32%
SOL
32%
BEN
31%
CAME
31%
RW
31%
TOG
31%
LIBE
30%
MI
30%
TR
30%
ANT
29%
BAHR
29%
DJ
29%
SAN
29%
ESW
28%
GAB
28%
MALD
28%
BRU
27%
GAM
27%
KI
27%
MAURITA
27%
GUINEA
26%
LIE
26%
SEY
26%
TUV
26%
BURK
25%
SAINTL
25%
COM
24%
MALAW
24%
SAM
24%
CAP
23%
GREN
23%
MAURITI
23%
SAINTK
23%
SAINTV
23%
SIE
23%
VAN
23%
NAU
22%
TON
22%
SAO
21%
BURU
19%
GUINEAB
19%
No matching quizzes found
Score Distribution
Percent of People with Each Score
Percentile by Number Answered
Your Score History
You have not taken this quiz